Secret of Kells Characters Quiz Stats

 Plays Quiz not verified by Sporcle

Challenge
Share
Tweet
Score 0/9 Timer 05:00
0 Plays Today
% Correct
Brendan
95%
Aisling
80%
Pangur Ban
75%
Abbot Cellach
55%
Brother Aidan
55%
Brother Tang
35%
Brother Assoua
30%
Brother Square
22.5%
Brother Leonardo
22.5%

You're not logged in!

Compare scores with friends on all Sporcle quizzes.
OR
Log In

You Might Also Like...

Show Comments

Extras

Top Quizzes Today


Score Distribution

Your Account Isn't Verified!

In order to create a playlist on Sporcle, you need to verify the email address you used during registration. Go to your Sporcle Settings to finish the process.

Report this User

Report this user for behavior that violates our Community Guidelines.

Details: